Proceedings of Summer Institute on Particle Physics, July 18-29, 1983 : dynamics and spectroscopy at high energy /

Saved in:
Bibliographic Details
Corporate Authors: Summer Institute on Particle Physics, Stanford Linear Accelerator Center, Stanford University
Other Authors: Gilman, Frederick J., McDonough, Patricia M., Leith, David W. G. S.
Format: Conference Proceeding Book
Language:English
Published: Stanford University, Calif. : The Center, 1984.
Series:SLAC report ; no. 267
Subjects:
LEADER 01588nam a2200337 i 4500
001 c000004372
003 CARM
005 00000000000000.0
008 s1984 cau 00000 eng d
019 1 |a 3361602  |5 LACONCORD2021 
035 |a (OCoLC)10735582  |5 LACONCORD2021 
111 2 0 |a Summer Institute on Particle Physics. 
245 1 0 |a Proceedings of Summer Institute on Particle Physics, July 18-29, 1983 :  |b dynamics and spectroscopy at high energy /  |c program directors: Frederick J. Gilman, David W.G.S. Leith ; edited by Patricia M. McDonough. 
260 |a Stanford University, Calif. :  |b The Center,  |c 1984. 
300 |a 824 p. :  |b ill. 
440 0 |a SLAC report ;  |v no. 267 
500 |a Sponsored by Stanford University and Stanford Linear Accelerator Center under contract with the U.S. Department of Energy. Contract DE-AC03-76SFOO515. 
500 |a Available from: Springfield, Va. : National Technical Information Service. 
500 |a Includes bibliographical references. 
650 0 |a Particles (Nuclear physics) 
650 0 |a Nuclear spectroscopy. 
650 0 |a Dynamics. 
700 1 |a Gilman, Frederick J. 
700 1 |a McDonough, Patricia M. 
700 1 |a Leith, David W. G. S. 
710 2 0 |a Stanford Linear Accelerator Center. 
710 2 0 |a Stanford University. 
740 0 0 |a Dynamics and spectroscopy at high energy. 
852 8 |b CARM  |h A2:AL34D0  |i D05296  |p 0204762  |f BK 
999 f f |i f8a00cfa-2ec5-5fbe-86f1-5d55c3f6bb0f  |s dacd0238-88b3-5325-9dd3-dd64952cb556 
952 f f |p Can circulate  |a CAVAL  |b CAVAL  |c CAVAL  |d CARM 1 Store  |e D05296  |f A2:AL34D0  |h Other scheme  |i book  |m 0204762